书目信息 |
| 题名: |
漫谈集体主义
|
|
| 作者: | 尹继佐 , 鲍宗豪 编著 | |
| 分册: | ||
| 出版信息: | 石家庄 河北人民出版社 1984 |
|
| 页数: | 120页 | |
| 开本: | 19cm | |
| 丛书名: | ||
| 单 册: | ||
| 中图分类: | B822.2 | |
| 科图分类: | ||
| 主题词: | 集体主义教育研究--中国 , 国家--道德 | |
| 电子资源: | ||
| ISBN: | ||
| 000 | 00730nam0 2200253 45 | |
| 001 | 0184010640 | |
| 005 | 20051110102708.45 | |
| 010 | @dCNY0.35 | |
| 091 | @aCN@b3086.887 | |
| 100 | @a19950523d1984 em y0chiy0121 ea | |
| 101 | 0 | @achi |
| 102 | @aCN@b130000 | |
| 105 | @ay z 000yy | |
| 200 | 10 | @a漫谈集体主义@Aman tan ji ti zhu yi@f尹继佐, 鲍宗豪编著@Fyin ji zuo,bao zong hao bian zhu |
| 210 | @a石家庄@c河北人民出版社@d1984 | |
| 215 | @a120页@d19cm | |
| 606 | @a集体主义教育研究@y中国 | |
| 606 | 0 | @a国家@x道德 |
| 690 | @aB822.2 | |
| 701 | 0 | @a尹继佐@Ayin ji zuo@4编著 |
| 701 | 0 | @a鲍宗豪@Abao zong hao@4编著 |
| 801 | 2 | @aCN@bNLC@c20051110 |
| 801 | 0 | @aCN@b上海图书馆@c20040424 |
| 905 | @f2@b119712-713@dB822.2@e36 | |
| 漫谈集体主义/尹继佐, 鲍宗豪编著.-石家庄:河北人民出版社,1984 |
| 120页;19cm |
| ISBN :CNY0.35 |
| ● |
| 相关链接 |
|
|
|
|
正题名:漫谈集体主义
索取号:B822.2/36
 
预约/预借
| 序号 | 登录号 | 条形码 | 馆藏地/架位号 | 状态 | 备注 |
| 1 | 0119712 | 000519460 | 第一样本阅览室/ [索取号:B822.2/36] | 在馆 | |
| 2 | 0119713 | 000519479 | 密集书库/ [索取号:B822.2/36] | 在馆 | |
| 3 | 0119714 | 202137455 | 密集书库/ [索取号:B822.2/36] | 在馆 | |
| 4 | 0119715 | 202137491 | 密集书库/ [索取号:B822.2/36] | 在馆 | |
| 5 | 0119716 | 001764923 | 密集书库/ [索取号:B822.2/36] | 在馆 |